00396nam a22001457a 450000500170000000800410001702200130005804100120007108200130008310000120009624500340010826000520014230000300019465000260022420240904085814.0240904b |||||||| |||| 00| 0 eng d a10246991 aEnglish a349 NAM  lEnglish aThe Namibian Law Reports 2020 aCape Town: bJuta and Company (Pty) Ltd, c2020 bxxv, 301 pages; c26 cm.  aLegal practice bLaw